Deliverance from homosexuality : hope for the homosexual /

Bibliographic Details
Main Author: Duncan, John (Author)
Format: Book
Language:English
Published: Plainview, TX : Children's Bread Ministry, [1991]
Subjects:

MARC

Tag First Indicator Second Indicator Subfields
LEADER 00000nam a2200000 i 4500
001 in00005646813
008 250611t19911991txu b 000 0 eng d
005 20250611151957.5
035 |a (OCoLC)on1523155800 
040 |a TXA  |b eng  |e rda  |c TXA 
035 |a (OCoLC)1523155800 
050 4 |a BR115.H6  |b D86 1991 
100 1 |a Duncan, John,  |e author. 
245 1 0 |a Deliverance from homosexuality :  |b hope for the homosexual /  |c by John Duncan. 
246 1 4 |a Deliverance from homosexuality :  |b my true story 
264 1 |a Plainview, TX :  |b Children's Bread Ministry,  |c [1991] 
264 4 |c ©1991 
300 |a 32 pages ;  |c 22 cm 
336 |a text  |b txt  |2 rdacontent 
337 |a unmediated  |b n  |2 rdamedia 
338 |a volume  |b nc  |2 rdacarrier 
504 |a Includes bibliographical references. 
500 |a The Cushing Library/Women & Gender Studies copy was acquired as part of The Don Kelly Research Collection of Gay Literature and Culture.  |5 TxCM 
650 0 |a Ex-gay movement. 
650 0 |a Homosexuality  |x Religious aspects  |x Christianity. 
994 |a Z0  |b TXA 
948 |h HELD BY TXA - 0 OTHER HOLDINGS 
999 f f |s 3c011a65-b708-4eb4-aefd-5124a4745da5  |i d0b07ef9-8f40-4349-b109-a3fd86d871cb  |t 0 
952 f f |p noncirc  |a Texas A&M University  |b College Station  |c Cushing Memorial Library & Archives  |d Cushing: Women & Gender Studies (Does not check out)  |t 0  |e BR115.H6 D86 1991  |h Library of Congress classification  |i unmediated -- volume  |m A14853458308 
998 f f |a BR115.H6 D86 1991  |t 0  |l Cushing: Women & Gender Studies (Does not check out)